|
|
|
|
| LEADER |
00000nas a2200000 a 4500 |
| 001 |
ssj0005687 |
| 003 |
WaSeSS |
| 005 |
20200512172242.0 |
| 006 |
m d |
| 007 |
cr n |
| 008 |
891009c19829999nyumn p s 0 a0eng c |
| 010 |
|
|
|a 95647417
|z sn 92028067
|
| 016 |
7 |
|
|a 010467345
|2 Uk
|
| 022 |
|
|
|l 1086-7058
|y 1086-7058
|
| 035 |
|
|
|a (WaSeSS)ssj0005687
|
| 040 |
|
|
|a ISM
|b eng
|c ISM
|d OCL
|d IUL
|d NST
|d DLC
|d NSD
|d EYM
|d HUL
|d NSD
|d WAU
|d DLC
|d ZCU
|d SYS
|d GUA
|d OCLCQ
|d MUQ
|d MYG
|d OCLCQ
|d UKMGB
|d IUL
|d OCLCQ
|d OCLCF
|d OCLCO
|d I8M
|d LIP
|d OCLCQ
|d CSJ
|d OCLCQ
|d WUN
|d GILDS
|d OCLCQ
|d OCLCO
|d CNO
|d OCLCA
|d OCLCQ
|d KFH
|d OCLCQ
|d FWR
|d CBA
|d OCLCO
|d TYC
|d OCLCO
|d HTM
|d NTG
|d U3G
|d ZAS
|d ZQP
|d GZN
|d HLS
|d WaSeSS
|
| 042 |
|
|
|a pcc
|a nsdp
|
| 050 |
0 |
0 |
|a N1
|b .A814
|
| 082 |
0 |
0 |
|a 705
|
| 210 |
0 |
|
|a Artforum int.
|
| 222 |
|
0 |
|a Artforum international
|
| 245 |
0 |
0 |
|a Artforum international
|h [electronic resource].
|
| 246 |
3 |
|
|a Art forum international
|
| 246 |
1 |
|
|i Table of contents page title:
|a Artforum
|
| 246 |
1 |
3 |
|a Artforum international magazine
|
| 260 |
|
|
|a New York, N.Y. :
|b Artforum International Magazine,
|c 1982-
|
| 310 |
|
|
|a Monthly (except July and Aug.)
|
| 362 |
0 |
|
|a Vol. 20, no. 9 (May. 1982)-
|
| 500 |
|
|
|a Title from cover.
|
| 506 |
|
|
|a License restrictions may limit access.
|
| 588 |
|
|
|a Latest issue consulted: Vol. 50, no. 2 (Oct. 2011).
|
| 650 |
|
0 |
|a Art
|v Periodicals.
|
| 650 |
|
6 |
|a Art
|v Périodiques.
|
| 650 |
|
7 |
|a Art.
|2 fast
|0 (OCoLC)fst00815177
|
| 650 |
|
4 |
|a Arte
|v Revistas.
|
| 655 |
|
0 |
|a Electronic journals.
|
| 770 |
0 |
|
|t Bookforum
|x 1098-3376
|w (DLC) 98643414
|w (OCoLC)35812085
|
| 780 |
0 |
0 |
|t Artforum
|x 0004-3532
|w (DLC) 65008747
|w (OCoLC)1514329
|
| 850 |
|
|
|a AAP
|a DLC
|a InLP
|a InU
|a MdBJ
|a MiEM
|a MiU
|a NNC
|a NSyU
|a NjP
|a ViW
|
| 853 |
2 |
0 |
|8 1
|a v.
|b no.
|u 10
|v r
|i (year)
|j (month)
|w 10
|x 09
|y om07.08
|
| 856 |
4 |
0 |
|z Full text available from Research Library: 06/01/2002 to present
|u https://search.proquest.com/publication/41498
|
| 863 |
4 |
0 |
|8 1.1
|a 20
|b 9
|i 1982
|j 05
|